000 00947nam0a2200289 4500
001 RU\NLR\ONL2\6552
005 20250613130045.0
035 _a(NLR Aleph) 009654149
090 _a9582835
_c9582835
100 _a20070123d2006 |||y0rusy50 ca
101 0 _akbd
102 _aRU
105 _ay |||||||||
200 1 _aБзурэ пэт и хэкум щытепщэщ
_fБакIуу Марие
210 _aЧеркесск
_cБ. и.
_d2006
215 _a220,[2] с.
_d21
541 1 _6z01790
_aИ птица властелин на своей земле
_zrus
686 1 _aШ6(2=Ч)7-4
700 1 _aБакIуу
_bМ.
_gМарие
_4070
790 1 _4070
_7ca
_8rus
_aБакова
_bМ. И.
_f1940-
_gМария Исхаковна
_92641606
_3RU\NLR\AUTH\770273371
801 0 _aRU
_bNLR
_c20070123
_gPSBO
852 _aNLR
_bОНЛ
_jЧерк./3-155
942 _cBOOK
980 _aNB
980 _aONL_RF